[Event "FRA-ch op-A"]
[Site "Pau"]
[Date "2008.08.21"]
[Round "9"]
[White "Gretry, Patrice"]
[Black "Pradere, Anthony"]
[Result "1-0"]
[WhiteElo "2029"]
[BlackElo "1930"]
[PlyCount "91"]
[EventDate "2008.08.11"]
[EventType "swiss"]
[EventRounds "9"]
[EventCountry "FRA"]
[SourceTitle "CBM 126 Extra"]
[Source "ChessBase"]
[SourceDate "2008.11.05"]
[SourceVersion "1"]
[SourceVersionDate "2008.11.05"]
[SourceQuality "1"]

1. e4 c5 2. Nf3 d6 3. d4 Nf6 4. Nc3 cxd4 5. Nxd4 a6 6. Be3 e6 7. f3 b5 8. Qd2 Nbd7 9. a4 b4 10. Na2 d5 11. Nxb4 dxe4 12. Be2 Bb7 13. 0-0 Bc5 14. a5 0-0 15. f4 e5 16. Nf5 Qc7 17. Kh1 Rfd8 18. Qc3 Re8 19. fxe5 Qxe5 20. Qxe5 Rxe5 21. Bxc5 Nxc5 22. Nd6 Re7 23. Bc4 e3 24. Nxb7 Rxb7 25. c3 Re7 26. Rfe1 Nfe4 27. Nd5 Nf2+ 28. Kg1 Re5 29. Rxe3 Nce4 30. Rf1 Rc8 31. Nb6 Rce8 32. Bxa6 Rxa5 33. Bc4 Rae5 34. Rf3 R5e7 35. Nd5 Ra7 36. Re1 Kf8 37. Rxf2 Nxf2 38. Rxe8+ Kxe8 39. Kxf2 Kd7 40. Ke3 Kd6 41. Kd4 Ra1 42. Ne3 Rb1 43. b4 Ke7 44. Nf5+ Kf6 45. Nd6 Rb2 46. Bd5 1-0

[Event "FRA-ch op-A"]
[Site "Pau"]
[Date "2008.08.17"]
[Round "6"]
[White "Menneveux, Jerome"]
[Black "Pradere, Anthony"]
[Result "1-0"]
[WhiteElo "2027"]
[BlackElo "1930"]
[PlyCount "59"]
[EventDate "2008.08.11"]
[EventType "swiss"]
[EventRounds "9"]
[EventCountry "FRA"]
[SourceTitle "CBM 126 Extra"]
[Source "ChessBase"]
[SourceDate "2008.11.05"]
[SourceVersion "1"]
[SourceVersionDate "2008.11.05"]
[SourceQuality "1"]

1. e4 c5 2. Nf3 d6 3. d4 Nf6 4. Nc3 cxd4 5. Nxd4 a6 6. Bc4 e6 7. Bb3 Nbd7 8. 0-0 b5 9. Bg5 Qc7 10. Re1 Nc5 11. Bxf6 gxf6 12. Qh5 Bg7 13. Re3 0-0 14. Rg3 Kh8 15. Re1 Nxb3 16. Ree3 Qc5 17. Nf5 Qxe3 18. Nxe3 Nd4 19. Rxg7 Kxg7 20. Ng4 Rg8 21. Qh6+ Kh8 22. Qxf6+ Rg7 23. Nh6 Bb7 24. Nxf7+ Kg8 25. Nh6+ Kh8 26. Qxd4 Rf8 27. Qxd6 Re8 28. Qe5 Bc8 29. Nd5 Rf8 30. Nf4 1-0

[Event "FRA-ch opA U18"]
[Site "Calvi"]
[Date "2005.04.??"]
[Round "3"]
[White "Pradere, Anthony"]
[Black "Botto, Florian"]
[Result "1-0"]
[WhiteElo "1860"]
[BlackElo "1600"]
[PlyCount "63"]
[EventDate "2005.04.??"]
[EventType "swiss"]
[EventRounds "9"]
[EventCountry "FRA"]
[SourceTitle "EXT 2006"]
[Source "ChessBase"]
[SourceDate "2005.11.24"]
[SourceVersion "1"]
[SourceVersionDate "2005.11.24"]
[SourceQuality "1"]

1. e4 e6 2. d4 d5 3. Nc3 Bb4 4. e5 c5 5. a3 Bxc3+ 6. bxc3 c4 7. Qg4 g6 8. f4 Ne7 9. Nf3 Nbc6 10. Be2 Nf5 11. Qh3 Nce7 12. g4 Ng7 13. Qh6 Kf8 14. Ng5 Kg8 15. Rg1 Qf8 16. a4 Ne8 17. Qh4 h6 18. Nf3 Nc6 19. Ba3 Qg7 20. Nd2 g5 21. Qf2 gxf4 22. h4 Rh7 23. Qxf4 Kh8 24. Nf3 Qg8 25. h5 Bd7 26. g5 Rg7 27. Kd2 hxg5 28. Nxg5 Nd8 29. Be7 Nc6 30. Bf6 Nxf6 31. Qxf6 Qf8 32. h6 1-0

[Event "FRA-ch opA U18"]
[Site "Calvi"]
[Date "2005.04.??"]
[Round "5"]
[White "Pradere, Anthony"]
[Black "Dubois, Vincent"]
[Result "1-0"]
[WhiteElo "1860"]
[BlackElo "1580"]
[PlyCount "55"]
[EventDate "2005.04.??"]
[EventType "swiss"]
[EventRounds "9"]
[EventCountry "FRA"]
[SourceTitle "EXT 2006"]
[Source "ChessBase"]
[SourceDate "2005.11.24"]
[SourceVersion "1"]
[SourceVersionDate "2005.11.24"]
[SourceQuality "1"]

1. e4 c5 2. Nc3 Nc6 3. f4 e6 4. Bc4 Nge7 5. d3 d5 6. Bb3 d4 7. Nce2 a6 8. c3 e5 9. Nf3 Ng6 10. Ng5 Be6 11. f5 Nf4 12. fxe6 Qxg5 13. exf7+ Kd7 14. g3 Ng2+ 15. Kf2 Ne3 16. Qe1 Qf6+ 17. Kg1 Na5 18. Bxe3 dxe3 19. Kg2 Nxb3 20. axb3 Qxf7 21. Nc1 h5 22. Rf1 Qg6 23. Qxe3 h4 24. Ne2 h3+ 25. Kh1 Qb6 26. Qg5 Qxb3 27. Qxe5 Qxb2 28. Rf7+ 1-0

[Event "FRA-ch opA U18"]
[Site "Calvi"]
[Date "2005.04.??"]
[Round "6"]
[White "Roth, Antoine"]
[Black "Pradere, Anthony"]
[Result "1-0"]
[WhiteElo "1700"]
[BlackElo "1860"]
[PlyCount "101"]
[EventDate "2005.04.??"]
[EventType "swiss"]
[EventRounds "9"]
[EventCountry "FRA"]
[SourceTitle "EXT 2006"]
[Source "ChessBase"]
[SourceDate "2005.11.24"]
[SourceVersion "1"]
[SourceVersionDate "2005.11.24"]
[SourceQuality "1"]

1. e4 c5 2. Nf3 d6 3. d4 cxd4 4. Qxd4 a6 5. Bg5 Nc6 6. Qd2 g6 7. Nc3 Bg7 8. Rd1 Bg4 9. Be2 Bxf3 10. Bxf3 Ne5 11. Be2 Nd7 12. 0-0 Ngf6 13. Bh6 0-0 14. Bxg7 Kxg7 15. f4 Rc8 16. Qe3 Qa5 17. g4 Qc5 18. Qxc5 Nxc5 19. Bf3 Rc7 20. g5 Ne8 21. Nd5 Rd7 22. Rd2 Ne6 23. h4 N8c7 24. f5 Nc5 25. f6+ exf6 26. Nxf6 Rdd8 27. Rfd1 Ne8 28. e5 b5 29. Nxe8+ Rdxe8 30. exd6 Na4 31. b3 Nc3 32. Ra1 Re6 33. Bg4 Re4 34. Bf3 Re5 35. Rd3 Ne2+ 36. Bxe2 Rxe2 37. d7 Rd8 38. c4 bxc4 39. bxc4 Rc2 40. Re1 Kf8 41. Re4 Rxa2 42. c5 Rc2 43. Re5 Rc4 44. Rd6 a5 45. c6 a4 46. Ra5 Ke7 47. Rf6 Rb8 48. Ra7 Rb2 49. Rxf7+ Ke6 50. Rf6+ Ke5 51. Ra5+ 1-0